000 00711nam a22002297a 4500
003 UA-OsUOA
001 121416
007 ta
008 20170320b un ||||| |||| 00| 0 ukr d
100 _aДимніч О.В.
700 _aЛанг С.Р.
090 _a330(477)
_bД46
942 _cSA
040 _aUA-OsUOA
_bukr
_cUA-OsUOA
_dUA-OsUOA
245 _aКонцептуальні підходи до класифікації фінансових ризиків страхової організації
300 _aС.43-53
955 _a0
041 _aukr
080 _a330(477)
773 0 _w121412
_tФінанси України
_dК.
_d2017
_g2
650 7 _a330 Економіка взагалі
_2UDC
999 _c407343
_d407343